| 000 | 00366nam a2200097Ia 4500 | ||
|---|---|---|---|
| 082 | _a658.404|MSEN | ||
| 245 | 0 | _aThe missing link in projects : a book written by a project manager for project managers and about project management | |
| 100 |
_a Msengana, Lunga Randburg [South Africa], 2012 _963587 |
||
| 942 | _cBK | ||
| 008 | 210817s9999 xx 000 0 und d | ||
| 999 |
_c201617 _d201615 |
||